LIBRARY & INFORMATION CENTRE, KCAET, TAVANUR

ONLINE PUBLIC ACCESS CATALOGUE (OPAC)

Charles Dickens / (Record no. 6661)

MARC details
000 -LEADER
fixed length control field 00383cam a2200157ua 4500
041 ## - LANGUAGE CODE
Language code of text/sound track or separate title eng
082 ## - DEWEY DECIMAL CLASSIFICATION NUMBER
Classification number 828.09
Item number MIL/CH
100 ## - MAIN ENTRY--AUTHOR NAME
Personal name Miller, Hillis .
245 ## - TITLE STATEMENT
Title Charles Dickens /
250 ## - EDITION STATEMENT
Edition statement 1 /
260 ## - PUBLICATION, DISTRIBUTION, ETC. (IMPRINT)
Place of publication London :
Name of publisher Harward University Press ,
Year of publication 1959.
300 ## - PHYSICAL DESCRIPTION
Number of Pages 346 ; .
942 ## - ADDED ENTRY ELEMENTS (KOHA)
Koha item type Books
Holdings
Withdrawn status Lost status Damaged status Home library Current library Date acquired Full call number Accession Number Koha item type
Withdrawn     KAUAET Malayalam University 07/04/2012 828.09 551 Books
free website counter